Normale Ansicht MARC-Ansicht ISBD

Der lange Weg nach Dayton : (Titelsatznr. 30905)

[ MARC ]
MARC-Details
000 -Satzkennung
Kontrollfeld mit fester Länge 00890nam a22003011c 4500
001 - Kontrollnummer
Kontrollfeld a987694530
008 - Feld mit fester Länge zur physischen Beschreibung - Allgemeine Angaben
Kontrollfeld mit fester Länge 200417s2000 gw |||| 000u ger d
020 ## - Internationale Standardbuchnummer
Internationale Standardbuchnummer 9783789067563
Verknüpfung 978-3-7890-6756-3
041 ## - Sprachcode
Sprachcode des Textes/der Tonspur oder des separaten Titels ger
040 ## - Katalogisierungsquelle
Übertragungsstelle RU-10907106
003 - Kontrollnummer Identifier
Kontrollfeld RU-10907106
100 1# - Haupteintragung - Personenname
Personenname Eisermann, Daniel
245 04 - Titel
Titel Der lange Weg nach Dayton :
Zusatz zum Titel Die westliche Politik und der Krieg im ehemaligen Jugoslawien 1991 bis 1995
264 ## - Produktion, Veröffentlichung, Distribution, Herstellung und Urheberrechtsvermerk
Herstellungs-, Veröffentlichungs- Vertriebs-, Erzeugungsort Baden-Baden :
Produzent, Herausgeber, Distributor, Hersteller Nomos,
Datum der Herstellung, der Veröffentlichung, des Vertriebs oder des Urheberschutzvermerks 2000
300 ## - Physische Beschreibung
Umfang 443 Seiten
490 #0 - Gesamttitelangabe
Gesamttitelangabe Bonner Studien zum Jugoslawienkonflikt
648 #0 - Nebeneintragung unter einem Schlagwort - Zeitschlagwort
Zeitschlagwort 1991-1995
650 #0 - Nebeneintragung unter einem Schlagwort - Sachschlagwort
Sachschlagwort oder geografischer Name als Eintragungselement Abkommen von Dayton
650 #0 - Nebeneintragung unter einem Schlagwort - Sachschlagwort
Sachschlagwort oder geografischer Name als Eintragungselement Bewaffneter Konflikt
650 #0 - Nebeneintragung unter einem Schlagwort - Sachschlagwort
Sachschlagwort oder geografischer Name als Eintragungselement Internationale Organisation
650 #0 - Nebeneintragung unter einem Schlagwort - Sachschlagwort
Sachschlagwort oder geografischer Name als Eintragungselement Konfliktregelung
650 #0 - Nebeneintragung unter einem Schlagwort - Sachschlagwort
Sachschlagwort oder geografischer Name als Eintragungselement Nationalitätenfrage
650 #0 - Nebeneintragung unter einem Schlagwort - Sachschlagwort
Sachschlagwort oder geografischer Name als Eintragungselement Vorgeschichte
650 #0 - Nebeneintragung unter einem Schlagwort - Sachschlagwort
Sachschlagwort oder geografischer Name als Eintragungselement Westliche Welt
651 #0 - Nebeneintragung unter einem Schlagwort - Geografischer Name
Geografischer Name Bosnien-Herzegowina
651 #0 - Nebeneintragung unter einem Schlagwort - Geografischer Name
Geografischer Name Jugoslawien
942 ## - Zusätzliche Felder (Koha)
Koha-Medientyp Monographien
Exemplare
Ausgeschieden Verloren Klassifikation oder Aufstellungssystematik Beschädigt Nicht entleihbar Heimatbibliothek Aufenthaltsbibliothek Aufstellungsort Erwerbungsdatum Inventarnummer Signatur Barcode Letzte Aktivität Preis gültig von Koha-Medientyp
    Andere/Generische Klassifikation     MWN Osteuropa MWN Osteuropa Lesesaal - 1 17/04/2020 20-01298 W 66 G r Eis E00401080A93117B 01/03/2021 22/03/2021 Monographien